000 00693nam a2200205Ia 4500
003 GCL
005 20240530103657.0
008 140319s9999 xx 000 0 ara d
040 _aGCL /
_cGCL
082 0 4 _a953.0713
_bع د
100 1 _aعبدالواحد شعيب
245 1 0 _aدور المرابطين فى الجهاد بالاندلس 468 - 530 و. ر 1086 - 1147 م /
_cعبدالواحد شعيب
250 _aط1
260 _aطرابلس :
_bجمعية الدعوة الاسلامية العالمية ،
_c1990
300 _a183 ص؛
_c24 سم
650 0 4 _aالاندلس
650 0 4 _aالتاريخ الاسلامى
650 0 4 _aالمرابطون
942 _2ddc
_cBK
999 _c41605
_d41605